Statistics for Countries entirely south of the Equator

Click here to take the quiz!

General Stats

  • This quiz has been taken 136 times
  • The average score is 27 of 34

Answer Stats

HintAnswer% Correct
AfricaSouth Africa
94%
South AmericaArgentina
93%
OceaniaAustralia
92%
South AmericaChile
92%
South AmericaParaguay
90%
OceaniaNew Zealand
89%
South AmericaUruguay
89%
South AmericaBolivia
85%
AfricaBotswana
85%
AfricaAngola
84%
AfricaZimbabwe
84%
AfricaLesotho
83%
AfricaNamibia
82%
AfricaZambia
82%
OceaniaFiji
81%
South AmericaPeru
81%
AfricaMozambique
80%
AfricaMadagascar
79%
AfricaSwaziland
77%
AfricaMalawi
76%
OceaniaSamoa
75%
OceaniaTonga
73%
OceaniaPapua New Guinea
72%
AfricaRwanda
72%
AfricaTanzania
71%
AfricaComoros
70%
AsiaEast Timor
70%
AfricaMauritius
69%
OceaniaNauru
69%
OceaniaSolomon Islands
69%
AfricaSeychelles
68%
OceaniaTuvalu
68%
OceaniaVanuatu
68%
AfricaBurundi
67%

Score Distribution

Percentile by Number Answered

Percent of People with Each Score

Your Score History

You have not taken this quiz